Culture général football français facile - Statistiques

Statistiques générales
  • Ce quiz a été pris 468 fois
  • Le résultat moyen est 13 sur 14
Statistiques - réponses
Question Réponse % Correct
En quel année L'équipe de France a gagné sa première coupe du Monde ? 1998
98%
Quel est le seul club français à avoir deja gagné une LDC ? OM Marseille
98%
Quel club français joue dans le célèbre stade Vélodrome ? OM Marseille
98%
Qui est l'entraineur de l'équipe de France depuis 2012 ? Didier Deschamps
96%
Quel était le joueur français étant connue pour son fameux "Coup de Boule" ? Zinedine Zidane
95%
Qui était le capitaine de l'équipe de France en 2018 ? Hugo Lloris
94%
Quel était le score de la final de coupe du monde 2018 remportée contre la Croatie ? 4-2
93%
Quel est le club formateur de Kylian Mbappé ? ASM Monaco
93%
Quel joueur suédois a rejoint le PSG en 2012 ? Zlatan Ibrahimovic
93%
Quel était l'adversaire de la France en final de l'euro 2000 ? Italie
91%
Quel Club a gagné 7 fois d'affiler le championnat de France entre 2002 et 2008 ? OL Lyon
91%
Quel équipe est est connue comme "En Avant ..." ? Guingamp
84%
Quel club était jusqu'en 2023 le seul club ayant gagné 10 championnat ? ASSE Saint-etienne
83%
Comment s'appel le célèbre entraineur français ayant entrainé Arsenal pendant plus de 20 ans ? Arsène Wenger
79%
Aucun quiz correspondant
Distribution des résultats
% des personnes avec chaque résultat
Percentile par nombre de réponses
Votre historique - résultats
Vous n’avez pas pris ce quiz